Por qué ha fracasado la paz?: claves para entender el conflicto Palestino-Israelí

Saved in:
Bibliografiske detaljer
Main Authors: Alvarez-Ossorio, Ignacio (Author), Izquierdo, Ferrán (Author)
Format: Bog
Sprog:spansk
Udgivet: Madrid Catarata 2007
Serier:Desarrollo y Cooperación
Fag:
Tags: Tilføj Tag
Ingen Tags, Vær først til at tagge denne postø!

MARC

LEADER 00000nam a2200000 a 4500
001 UCH0726
003 CL-VaPUC
008 090320e20070000SP |||||||||||||||||spa|d
020 |a 9788483193105 
082 0 4 |a 956.054  |b ALV  |2 21 
100 0 |a Alvarez-Ossorio, Ignacio  |e author  |9 535004 
700 0 |a Izquierdo, Ferrán  |e author  |9 535005 
245 1 0 |a Por qué ha fracasado la paz?: claves para entender el conflicto Palestino-Israelí 
300 |a 279 p 
942 |c BK 
945 |d 20090320 00:00:00  |a dcastane 
260 |a Madrid  |b Catarata  |c 2007 
650 7 |a CONFLICTO ARABE-ISRAELI  |2 CL-VaPUC  |9 486821 
651 0 |a Palestina  |9 324189 
651 0 |a Israel  |9 314378 
651 7 |a HAMAS  |2 CL-VaPUC  |9 535006 
583 |a last modification  |c 20140403 05:05:07  |k Rodrigo Vera 
490 0 |a Desarrollo y Cooperación 
999 |c 332973  |d 332971 
952 |0 0  |1 0  |4 0  |6 956_054000000000000_ALV_2007  |7 0  |8 A  |9 421053  |a BIBHIS  |b BIBHIS  |d 2019-11-22  |i 4524063  |l 4  |m 2  |o 956.054 ALV 2007  |p 4524063  |r 2025-01-20  |s 2023-11-08  |w 2019-11-22  |y BK  |k HIS